000 00225nam a2200097Ia 4500
005 20251222114409.0
008 251222s1900||||xx |||||||||||||| ||spa||
082 _aDVD0111/M85/2012
245 0 _aRalph, el demoledor:
942 _cDVD
999 _c1967
_d1967